| 000 | 00533nam a2200193 a 4500 | ||
|---|---|---|---|
| 005 | 20210219152939.0 | ||
| 008 | 991125n 000 0 spa u | ||
| 035 | _aUPN01000068204 | ||
| 100 | _aROSA PEREZ, Jesús de la | ||
| 222 | _aEDUCACION DOSMIL | ||
| 245 | _a¿Cómo no ha de frustarse la educación escolar, si en el hogar es destruida? | ||
| 300 | _a12 | ||
| 362 | _a1983 Año 1, no. 9, dic. | ||
| 653 | 0 | _aESCUELA | |
| 653 | 0 | _aFAMILIA | |
| 653 | 0 | _aINFLUENCIA FAMILIAR | |
| 904 |
_aAC _b006015 |
||
| 905 | _aArticulo | ||
| 999 |
_c64412 _d64412 |
||